书目信息 |
| 题名: |
茶学知识读本
|
|
| 作者: | 王镇恒 , 詹罗九 编著 | |
| 分册: | ||
| 出版信息: | 北京 中国农业出版社 2011 |
|
| 页数: | 282 | |
| 开本: | 19cm | |
| 丛书名: | ||
| 单 册: | ||
| 中图分类: | TS27 | |
| 科图分类: | ||
| 主题词: | 饮料--食品工业 , 冷冻食品--食品工业 | |
| 电子资源: | ||
| ISBN: | 7-109-16138-2 | |
| 000 | 00652nam0 2200205 450 | |
| 001 | 1735846483 | |
| 005 | 20170410095726.48 | |
| 010 | @a7-109-16138-2@d¥28.00 | |
| 100 | @a20170410d km y0chiy0120 ea | |
| 101 | 0 | @achi |
| 200 | 1 | @a茶学知识读本@Acha xue zhi shi du ben@f王镇恒,詹罗九编著@Fwang zhen heng,zhan luo jiu bian zhu |
| 210 | @a北京@c中国农业出版社@d2011 | |
| 215 | @a282@c彩图@d19cm | |
| 606 | 0 | @a饮料@x食品工业 |
| 606 | 0 | @a冷冻食品@x食品工业 |
| 690 | @aTS27@v4 | |
| 701 | 0 | @a王镇恒@Awang zhen heng@4编著 |
| 701 | 0 | @a詹罗九@Azhan luo jiu@4编著 |
| 801 | 0 | @aCN@b大连网信软件有限公司图书馆·11@c20170410 |
| 905 | @b6603878@dTS27@en1@f1 | |
| 茶学知识读本/王镇恒,詹罗九编著.-北京:中国农业出版社,2011 |
| 282:彩图;19cm |
| ISBN 7-109-16138-2:¥28.00 |
| ● |
| 相关链接 |
|
|
|
|
正题名:茶学知识读本
索取号:TS27/n1
 
预约/预借
| 序号 | 登录号 | 条形码 | 馆藏地/架位号 | 状态 | 备注 |
| 1 | 6603878 | 266038780 | 密集书库-生命科学系/ [索取号:TS27/n1] | 在馆 |